NBA Players who Changed Jersey Numbers - Statistics

General Stats
  • This quiz has been taken 27 times
  • The average score is 9 of 22
Answer Stats
Hint Answer % Correct
8 > 24 Kobe Bryant
100%
23 > 6 > 23 > 6 LeBron James
100%
35 > 7 > 35 Kevin Durant
96%
23 > 45 > 23 Michael Jordan
96%
0 > 4 > 0 Russell Westbrook
70%
13 > 1 James Harden
61%
15 > 7 > 00 > 7 Carmelo Anthony
52%
21 > 23 > 22 Jimmy Butler
48%
12 > 8 > 12 > 21 > 39 Dwight Howard
39%
21 > 5 > 2 > 21 Kevin Garnett
35%
13 > 10 Steve Nash
35%
34 > 20 > 34 Ray Allen
30%
15 > 42 Al Horford
22%
25 > 10 Ben Simmons
22%
20 > 21 > 24 > 2 > 4 > 2 > 8 > 2 Moses Malone
22%
1 > 15 > 8 > 34 Kemba Walker
13%
10 > 11 DeMar DeRozan
9%
44 > 7 > 44 Pete Maravich
9%
8 > 26 Spencer Dinwiddie
9%
33 > 6 Patrick Ewing
4%
1 > 5 Carlos Boozer
0%
21 > 12 > 21 Domonique Wilkins
0%
No matching quizzes found
Score Distribution
Percent of People with Each Score
Percentile by Number Answered
Your Score History
You have not taken this quiz